000 00673nam a22001937a 4500
005 20250806144318.0
010 _aENG-146420
020 _a9789351433194
_c964.00
035 _aEN-129952
037 _bDBAD/PUB
037 _bDBAD
082 _a000
245 _aGeneral studies (Paper-II) civil services (Mains) examination :
_bGoverance,constitution, polity, social justice and international relations /
260 _aGurgaon
_bLexisNexis
_c2015
270 _a14th Floor, Bldg. No.10, Tower-B, DLF Cyber City, Phase-II
_bGurgaon
_e122002
300 _avarious pagings
_b22cm(pbk)
490 _aCATAPULT test prep series
942 _2ddc
_cEN
_mGEN
_h000
999 _c91147
_d91147